| 000 | 01169cam a2200361 a 4500 | ||
|---|---|---|---|
| 001 | 3270 | ||
| 003 | FISKH | ||
| 005 | 20250206144338.0 | ||
| 008 | 970108s1997 nyuab b 000 1 eng | ||
| 010 | _a 97002030 | ||
| 020 | _a0679981683 (lib. bdg.) | ||
| 020 | _a0679881689 (pbk.) | ||
| 020 | _a9780590819183 | ||
| 040 |
_aDLC _cDLC _dDLC _beng |
||
| 050 | _aPZ7.R8139 | ||
| 082 | _a813.54 | ||
| 100 | 1 |
_aRoy, Ron, _d1940- |
|
| 245 | 1 | 4 |
_aThe absent author / _cby Ron Roy ; illustrated by John Steven Gurney. |
| 250 | _aFirst Scholastic printing, September 1998 | ||
| 260 |
_aNew York : _bScholastic, _c1997. |
||
| 300 |
_a87 pages : _billustrations, map ; _c20 cm. |
||
| 490 | 1 | _aA to Z mysteries | |
| 500 | _a"A"--Spine | ||
| 500 | _a"A Stepping Stone book." | ||
| 505 | _aK | ||
| 520 | _aDink Duncan and his two friends investigate the apparent kidnapping of famous mystery author Wallis Wallace. | ||
| 521 |
_a510
_bLexile |
||
| 521 |
_aK
_bRaz-Plus |
||
| 650 | 1 | _aMystery and detective stories. | |
| 700 | 1 |
_aGurney, John Steven, _d1962- _eillustrator |
|
| 906 |
_a7 _bcbc _corignew _d1 _eocip _f19 _gy-gencatlg |
||
| 942 |
_2ddc _cBK _n0 |
||
| 999 |
_c3270 _d3270 |
||